000 00629nam a2200169 a 4500
001 000039381
005 20201002031625.0
008 130625s1979 sp 000 0 spa d
040 _aDO-SdBNP
_bspa
_cBNPHU
100 1 _aPérez Castro, Federico
_965433
245 1 3 _aEl codice de profetas de El Cairo /
_cFederico.
260 _aMadrid :
_bConsejo Superior de Investigaciones Científicas Pérez Castro,
_c1979.
300 _a31 p. ;
_c28 cm.
490 1 _aTextos y estudios Cardenal Cisneros
500 _aIncluye referencias bibliográficas y notas al pie de las páginas
830 0 _aTextos y estudios Cardenal Cisneros
_965577
999 _c38871
_d38871